000
00310nam a2200121Ia 4500
008
191201s2002 xx 000 0 und d
100
_a
COVEY, Stephen R
245
0
_a
Principle Centred Leadership
260
_a
N.Delhi
_b
Pocket Book London,
_c
2002
300
_a
332
650
_a
General Books
942
_2
ddc
_c
BK
999
_c
2164
_d
2164